| 000 | 00445nam a22001697a 4500 | ||
|---|---|---|---|
| 003 | NUST | ||
| 005 | 20211028160410.0 | ||
| 020 | _a9789381269411 | ||
| 038 | _aKhadija | ||
| 082 |
_a621.4021 _bBAL |
||
| 100 |
_aBalmer, T. Robert _981374 |
||
| 245 |
_aThermodynamic Tables to Accompany Modern Engineering Thermodynamics\ _cRobert T. Balmer |
||
| 260 |
_aBoston _bElsevier _c2011 |
||
| 300 | _avi;69p.' | ||
| 563 | _apaperback | ||
| 942 |
_2ddc _cBK |
||
| 999 |
_c586132 _d586132 |
||